000 00463nam a2200181Ia 4500
003 OSt
005 20240513140838.0
008 210210b1954 xxu||||| |||| 00| 0 eng d
040 _cAL
041 _akan
082 _a859/147(a)
100 _aANUPAMA
_9154947
_d ಅನುಪಮಾ
245 _aAnantagIta:
_bಅನಂತಗೀತ
260 _aMaisuru
_bVijaya Sahitya Male
_c1954
690 _aKannada Fiction
_9154948
906 _a020928
942 _2ddc
_cBK
999 _c145088
_d145088